000 00358nam a2200145Ia 4500
008 230917s9999||||xx |||||||||||||| ||und||
020 _cRS0.2
040 _e13027
_aMAIN
041 _aEnglish
082 _a515.353 V421L
100 _aVaradhan, S R S
245 0 _aLectures on diffusion problems and partial differential
260 _c1980
942 _cBK
999 _c214876
_d214876